Normal view
MARC view
Entry Personal Name
001 - CONTROL NUMBER
- control field: 81523
003 - CONTROL NUMBER IDENTIFIER
- control field: dpl
005 - DATE AND TIME OF LATEST TRANSACTION
- control field: 20250602140840.0
008 - FIXED-LENGTH DATA ELEMENTS
- fixed length control field: 250602|| aca||aabn | a|a d
040 ## - CATALOGING SOURCE
- Original cataloging agency: dpl
- Transcribing agency: dpl
100 ## - HEADING--PERSONAL NAME
- Personal name: Murthy, Tumuluru Krishan
670 ## - SOURCE DATA FOUND
- Source citation: Work cat.: (dpl)211491: Murthy, Tumuluru Krishan, Sai Says/, 2013
